000 00555nam a22001937a 4500
003 OSt
005 20140310182842.0
008 130608t xxu||||| |||| 00| 0 eng d
050 _aBS 580 .W648 1985
_b.W648 1985
082 _aM 222.4092
_bW63 1985
245 _aDon't lose your crown :
_bstudies in the life of King Saul /
_cWiersbe, Warren W.
260 _aWheaton, Ill. :
_bVictor Books,
_cc1985.
300 _a108 p. :
_c17 cm.
521 _acollege students
526 _c1210L-1700L
541 _j1
562 _e1
942 _2lcc
_cBK
_kM
999 _c16870
_d16870